Title in Lyrics - Statistics

General Stats
  • This quiz has been taken 770 times
  • The average score is 4 of 10
Answer Stats
Hint Answer % Correct
___ ____ ______/ain't that mister mister Hey, Soul Sister
74%
_________, all my troubles seemed so far away Yesterday
70%
I'm at a ________/trying to call home Payphone
68%
Why you got to go and make things so ___________ Complicated
63%
_____ /I need somebody Help!
53%
____ __ _ _______/I want to ride it all night long Life is a Highway
46%
And I feel like I am just ___ _____ to love you Too Close
24%
I'll be there for you/this is not a _____ __ Drive By
21%
It goes off like a gun/________ ____ ___ ___ Brighter Than the Sun
9%
__ ____ ____/the light, the heat In Your Eyes
7%
No matching quizzes found
Score Distribution
Percent of People with Each Score
Percentile by Number Answered
Your Score History
You have not taken this quiz